00451 2200157 4500245005800000250001100058100002300069650001900092005001900111260000900130041001400139084000800153300002700161500009600188336000900284 aProposal Usaha "Mi Huh Hah"cAnamaria Tirta AyuhText aCet. 1 aAnamaria Tirta Ayu aProposal Usaha a20240131070921 c2024 aIndonesia a080 aiii, 15 hlm. :c25 cm. aDiajukan untuk memenuhi tugas ujian praktik mata pelajaran Produk Kreatif dan Kewirausahaan atext